Country Minus Capital Quiz Stats

 Plays Quiz Updated Dec 19, 2018

Challenge
Share
Tweet
Score 0/30 Timer 07:00
10 Plays Today
Clue Country % Correct
IrqIraq
99.7%
NigeriNigeria
99.6%
TueyTurkey
97%
GhnGhana
95.6%
GrcGreece
95.5%
MdgscMadagascar
91.8%
ThildThailand
90%
SwitzladSwitzerland
88.3%
nte r EmrtesUnited Arab Emirates
88.1%
LanonLebanon
82%
zerijnAzerbaijan
76.8%
GmayGermany
75.1%
yrgyztanKyrgyzstan
64.4%
NhlnNetherlands
64%
in Ki nd NviSaint Kitts and Nevis
61.3%
Clue Country % Correct
ChaChina
57.9%
EiteEritrea
52.8%
SmoSamoa
38.4%
Gne-Guinea-Bissau
37.2%
GmiGambia
29.2%
ClmiColombia
24.7%
izBelize
19.5%
gimBelgium
13%
zBrazil
9%
omniRomania
8%
SiSerbia
7.9%
gtArgentina
6.3%
okSlovakia
3.5%
aasBarbados
2.6%
uBrunei
1.7%

You're not logged in!

Compare scores with friends on all Sporcle quizzes.
OR
Log In

You Might Also Like...

Show Comments

Extras

Top Quizzes Today


Score Distribution

Your Account Isn't Verified!

In order to create a playlist on Sporcle, you need to verify the email address you used during registration. Go to your Sporcle Settings to finish the process.

Report this User

Report this user for behavior that violates our Community Guidelines.

Details: